Příchod sokolíků pochod ; Jarabáček : pochod /
| Main Author: | Kmoch, František, 1848-1912 |
|---|---|
| Language: | No linguistic content |
| Published: |
Praha : Mojmír Urbánek, c1938 |
| Series: |
Harmonie M. U.
|
| Physical Description: |
21 hlasů |
| LEADER | 00807ncm a22002412a 4500 | ||
|---|---|---|---|
| 001 | 001336970 | ||
| 003 | CZ BrMZK | ||
| 005 | 20140424150015.0 | ||
| 007 | qu | ||
| 008 | 050118s1938 xr |||||||||||||| zxx d | ||
| 040 | |a BOA001 |b cze | ||
| 072 | 7 | |a 788 |x Hudba pro dechové nástroje |2 Konspekt |9 9 | |
| 100 | 1 | |a Kmoch, František, |d 1848-1912 |7 jn20000710213 |4 cmp | |
| 245 | 1 | 0 | |a Příchod sokolíků |h [hudebnina] : |b pochod ; Jarabáček : pochod / |c Fr. Kmoch |
| 260 | |a Praha : |b Mojmír Urbánek, |c c1938 | ||
| 300 | |a 21 hlasů | ||
| 490 | 1 | |a Harmonie M. U. ; |v č. 159-160 | |
| 740 | 0 | 2 | |a Jarabáček |
| 830 | 0 | |a Harmonie M. U. | |
| 910 | |a BOA001 |b Mus4-0173.191,159-160 | ||
| 990 | |a MU | ||
| 991 | |b 201310 | ||
| 996 | 6 | |b 2619599859 |c Mus4-0173.191,159-160 |l MZK |r Sklad / do 1 hodiny |n 0 |w 001371983 |u 000010 |a 1 |e BOA001 |j MZK50 |s P | |
English
Čeština 